000 00765nam a22002777a 4500
001 BR9500784
003 BR-BrBNA
005 20230928094601.0
007 ta
008 230509b bl.||||| |||| 00| 0 por d
040 _aBR-BrBNA
_bpor
_cBiblioteca Nacional de Agricultura
041 _a(Por)
072 _aF01
090 _ F01 BR9500784
100 1 _aBancke, O.
100 1 _aMaia, N.G.(Coords.)
110 1 _aSecretaria da Agricultura, Porto Alegre, RS (Brasil)
_98480
245 1 _aCartilha do agricultor. v. 3: as lavouras e as plantas
260 3 _aPorto Alegre, RS (Brasil):
_c1970.
300 _a635 p.
650 _aLavoura
650 _aPratica Cultural
650 _aDefesa Vegetal
909 _a202309
_bLucia
_c55
_dLucia Elande
942 _cBK
999 _c51492
_d51492